| 000 | 00498cam a2200205ua 4500 | ||
|---|---|---|---|
| 001 | 3187 | ||
| 005 | 20260515113639.0 | ||
| 008 | 150218n ii |||gr||||Z||||||asm | ||
| 040 | _cMAIN | ||
| 041 | _aasm | ||
| 082 | _a891.4513 | ||
| 100 |
_aBhattacharjya, Hiranya Kumar, _eAuthor. |
||
| 245 |
_aUttaran _cby Hiranya Kumar Bhattacharjya |
||
| 250 | _a1st. | ||
| 260 |
_aGuahati: _bSahitya Prakash,994. |
||
| 300 |
_a249p: _c23cm. |
||
| 653 | _aAssamese novel | ||
| 653 | _aUttaran | ||
| 942 | _cBK | ||
| 999 |
_c3031 _d3031 |
||